Begins and Ends with 'M' II Quiz Stats

 Plays Quiz Updated Dec 25, 2018

Support Sporcle.
Go Orange.
Score 0/20 Timer 05:00
1 Play Today
Clue M-M Word % Correct
Word that fills 'Stop! Or My ___ Will Shoot' or 'Don't Tell ___ the Babysitter's Dead'Mom
90%
An exam taken at the half point of a courseMidterm
85.5%
This name precedes 'in the Middle' or 'X'Malcolm
82.1%
An adherent of IslamMuslim
81.4%
The greatest or highest amount possibleMaximum
77.9%
To cripple or woundMaim
73.3%
Theory espoused by Karl in 'The Communist Manifesto'Marxism
65%
The act of dying for one's causeMartyrdom
63.3%
A large above-ground tombMausoleum
56.1%
1,000,000 of this unit fits inside in a kiloMilligram
55.4%
Clue M-M Word % Correct
An inter-office communicationMemorandum
54.8%
Light reflected off of the lunar surfaceMoonbeam
39.8%
Designation for an album that has sold over 2 million copies in the USMultiplatinum
38.7%
Ability to attract or charm, like lodestonesMagnetism
34.7%
Actor Robert of 'Cape Fear' and 'The Night of the Hunter'Mitchum
30.3%
Bacterium or protozoan, e.g.Microorganism
21.1%
What the M stands for in A.M. and P.M.Meridiem
18%
Muppet band: 'Dr. Teeth and the Electric ___'Mayhem
15.6%
A crushed stone and binder method of pavingMacadam
11.5%
A process, technique or gadget used to achieve a resultMechanism
11.4%

From the Vault

Coastal European Countries

by mitchymo

It would be a good idea to click the islands.
Remove Ads.
Support Sporcle.
Get the best of Sporcle when you Go Orange. This ad-free experience offers more features, more stats, and more fun while also helping to support Sporcle. Thank you for becoming a member.

Show Comments

Extras

Top Quizzes Today


Score Distribution

Your Account Isn't Verified!

In order to create a playlist on Sporcle, you need to verify the email address you used during registration. Go to your Sporcle Settings to finish the process.

Report this User

Report this user for behavior that violates our Community Guidelines.

Details: